Welsh Rugby Teams - Statistics

General Stats
  • This quiz has been taken 20 times
  • The average score is 14 of 56
Answer Stats
URC % Correct
Ospreys
94%
Newport
89%
Scarlets
89%
Swansea
83%
Cardiff Rugby
72%
Neath
67%
Pontypridd
67%
Cardiff RFC
61%
Merthyr
61%
Pontypool
61%
Dragons RFC
50%
RGC
50%
Aberavon
39%
Ebbw Vale
39%
Brecon
33%
Carmarthen Quins
33%
Llandovery
33%
Aberdare
22%
Bedwas
22%
Bridgend Ravens
22%
Dunvant
22%
Treorchy
22%
Beddau
17%
Brython Thunder
17%
Cross Keys
17%
Gwalia Lightning
17%
Ammanford
11%
Bargoed
11%
Glamorgan Wanderers
11%
Gorseinon
11%
Gowerton
11%
Narberth
11%
Newbridge
11%
Newcastle Emlyn
11%
North Wales Crusaders
11%
Rumney
11%
St Peter's
11%
Ystrad Rhondda
11%
Bonymaen
6%
Brynmawr
6%
Cambrian Welfare
6%
Cardiff Met
6%
Glynneath
6%
Llanelli Wanderers
6%
Penallta
6%
Talywain
6%
Tata Steel
6%
Tondu
6%
Ystalyfera
6%
Crymych
0%
Kenfig Hill
0%
Llangennech
0%
Maesteg Harlequins
0%
Mountain Ash
0%
Trebanos
0%
Ynysddu
0%
No matching quizzes found
Score Distribution
Percent of People with Each Score
Percentile by Number Answered
Your Score History
You have not taken this quiz